Normal view
MARC view
- Craven,Miles تأليف
Entry Personal Name
001 - CONTROL NUMBER
- control field: 2134
003 - CONTROL NUMBER IDENTIFIER
- control field: JO-AjAnu
005 - DATE AND TIME OF LATEST TRANSACTION
- control field: 20230606070643.0
008 - FIXED-LENGTH DATA ELEMENTS
- fixed length control field: 230606|| aca||aabn | a|a d
040 ## - CATALOGING SOURCE
- Original cataloging agency: JO-AjAnu
- Transcribing agency: JO-AjAnu
100 ## - HEADING--PERSONAL NAME
- Personal name: Craven,Miles تأليف
670 ## - SOURCE DATA FOUND
- Source citation: Work cat.: (JO-AjAnu)1120: Craven,Miles تأليف, author, Real Listenening&Speaking 1 With answers